| 000 | 00984nam a2200217 4500 | ||
|---|---|---|---|
| 005 | 20240530110954.0 | ||
| 008 | 221221s2022 ua g b 000 0 ara d | ||
| 017 |
_a20405 _bمصر. دار الكتب |
||
| 020 | _a9789777334273 | ||
| 040 |
_aEG-CaGPL _cEG-CaGPL |
||
| 082 | 0 | 4 |
_221 _a953.084 _bط ع |
| 100 | 0 | _aطه عبدالعزيز محمد الخطيب | |
| 245 | 1 | 2 |
_aالعلاقات المملوكية العثمانية : _bسياسية اقتصاددية اجتماعية / _cتاليف طه عبدالعزيز محمد الخطيب |
| 260 |
_aالاسكندرية : _bدار التعليم الجامعى، _c2022. |
||
| 300 |
_a387 ص. ؛ _c24 سم. |
||
| 504 | _aيشتمل على ارجاعات ببليوجرافية | ||
| 651 | 0 | 7 |
_2qrmak _aالعالم العربى _xتاريخ _yعصر المماليك |
| 651 | 0 | 7 |
_2qrmak _aالعالم العربى _xتاريخ _yالعصر العثمانى |
| 942 |
_2ddc _cBK |
||
| 999 |
_c67060 _d67060 |
||